00283 a2200109 4500001000700000020000600007040001100013100003100024240005700055245005200112362000900164180509 a  cMagnum aMori, Nerli Nonato Ribeiro10aUma experiencia de alfabetizacao com repetenteslpor10aUma experiencia de alfabetizacao com repetentes0 a1899